000
00285nam a22001217a 4500
005
20170531103219.0
008
170531b xxu||||| |||| 00| 0 eng d
245
_a
Indian Concrete Journal
260
_b
Scientific
_c
2017
300
_a
72
490
_a
Volume 91
_a
Issue No 5
942
_c
JRL
999
_c
5465
_d
5463